000 00545nam a22001937a 4500
003 BUBTL
008 230327b ||||| |||| 00| 0 eng d
082 _a346.004/ R7398l/ 2011
100 _94135
_aRosul, Md. Golam
245 _aLaw of Equity & Trust :
_bMd. Golam Rosul
250 _a1st edn.
260 _aDhaka
_bMuhit Publications
_cc2011
300 _a[48], 509p. :
_b21 cm.
650 0 _926
_aLaw
700 _94135
_aRosul, Md. Golam
856 _k0
_l0
_yDownload
942 _2ddc
_cBK
999 _c7007
_d7007